[Event "Bodensee Seniors op"]
[Site "Bregenz"]
[Date "2025.05.31"]
[Round "7"]
[White "Spanton, Timothy"]
[Black "Willin, Bernhard"]
[Result "1-0"]
[WhiteElo "1937"]
[BlackElo "1857"]
[PlyCount "65"]
[EventDate "2025.05.25"]
[EventType "swiss"]
[EventRounds "7"]
[EventCountry "AUT"]
[SourceTitle "CB29_2025"]
[SourceDate "2025.07.16"]
[SourceVersion "1"]
[SourceVersionDate "2025.07.16"]
[SourceQuality "1"]

1. Nc3 c5 2. Nf3 Nc6 3. e4 d6 4. d4 cxd4 5. Nxd4 Nf6 6. Bc4 Bd7 7. 0-0 a6 8. Bb3 e6 9. Be3 Be7 10. f4 Qc7 11. f5 Nd8 12. Qf3 e5 13. Nde2 h5 14. Qg3 Rh7 15. Bg5 Bc6 16. Bxf6 Bxf6 17. Rad1 b5 18. Bd5 Nb7 19. Qf3 h4 20. Kh1 Kf8 21. Bxc6 Qxc6 22. Nd5 Rc8 23. Nec3 Bd8 24. f6 g6 25. Ne7 Bxe7 26. fxe7+ Kxe7 27. Nd5+ Kf8 28. Qf6 Re8 29. Qxg6 Rg7 30. Qh6 Qxc2 31. Qh8+ Rg8 32. Rxf7+ Kxf7 33. Qf6# 1-0

[Event "ENG-ch Seniors 65"]
[Site "Kenilworth"]
[Date "2025.04.28"]
[Round "7"]
[White "Snape, Ian L"]
[Black "Spanton, Timothy"]
[Result "1-0"]
[WhiteElo "2098"]
[BlackElo "1922"]
[PlyCount "67"]
[EventDate "2025.04.24"]
[EventType "swiss"]
[EventRounds "7"]
[EventCountry "ENG"]
[SourceTitle "CB18_2025"]
[SourceDate "2025.04.30"]
[SourceVersion "1"]
[SourceVersionDate "2025.04.30"]
[SourceQuality "1"]

1. c4 e6 2. g3 d5 3. Bg2 d4 4. Nf3 c5 5. d3 Nc6 6. 0-0 Nf6 7. e3 Be7 8. exd4 cxd4 9. Re1 0-0 10. b3 Bb4 11. Re2 a5 12. Bb2 Re8 13. a3 Bc5 14. Ne5 Nxe5 15. Rxe5 Bd6 16. Re1 e5 17. Nd2 Bg4 18. Bf3 Qd7 19. Bxg4 Qxg4 20. Qxg4 Nxg4 21. Ne4 Bc7 22. h3 Nh6 23. c5 Nf5 24. b4 axb4 25. axb4 Ne7 26. b5 b6 27. cxb6 Bxb6 28. Nd6 Rxa1 29. Rxa1 Rb8 30. Nc4 Nd5 31. Nxe5 f6 32. Nc6 Rb7 33. Bxd4 Bxd4 34. Ra8+ 1-0

[Event "Olomouc Seniors 65 op"]
[Site "Olomouc"]
[Date "2024.08.10"]
[Round "1"]
[White "Zitek, Jiri"]
[Black "Spanton, Timothy"]
[Result "0-1"]
[WhiteElo "1773"]
[BlackElo "1980"]
[PlyCount "74"]
[EventDate "2024.08.10"]
[EventType "swiss"]
[EventRounds "9"]
[EventCountry "CZE"]
[SourceTitle "CBM 221 Extra"]
[Source "ChessBase"]
[SourceDate "2024.09.30"]
[SourceVersion "1"]
[SourceVersionDate "2024.09.30"]
[SourceQuality "1"]

1. e4 e6 2. d4 d5 3. exd5 exd5 4. Bd3 c5 5. Qe2+ Be6 6. Nf3 Nc6 7. c3 c4 8. Bc2 Be7 9. Nbd2 Nf6 10. Nf1 0-0 11. h3 Re8 12. Be3 b5 13. g4 b4 14. Ng3 Qa5 15. 0-0 bxc3 16. bxc3 Qxc3 17. Ba4 Bd7 18. Rfd1 Rab8 19. Qf1 Qa3 20. Bxc6 Bxc6 21. Ne5 Ba4 22. Re1 Bb4 23. Re2 Bc3 24. Rc1 Bb2 25. g5 Nd7 26. Nh5 Bxc1 27. Bxc1 Qc3 28. Re3 Qxd4 29. Nxf7 Kxf7 30. Rf3+ Kg8 31. Qg2 Re1+ 32. Kh2 Rxc1 33. Nf6+ Nxf6 34. gxf6 Qe5+ 35. Rg3 Qxf6 36. Qxd5+ Qf7 37. Qg5 Bc6 0-1

[Event "BCF-ch Seniors 65"]
[Site "Hull"]
[Date "2024.08.04"]
[Round "7"]
[White "Spanton, Timothy"]
[Black "Wager, John D"]
[Result "1/2-1/2"]
[WhiteElo "1928"]
[BlackElo "2035"]
[PlyCount "90"]
[EventDate "2024.07.29"]
[EventType "swiss"]
[EventRounds "7"]
[EventCountry "ENG"]
[SourceTitle "CBM 221 Extra"]
[Source "ChessBase"]
[SourceDate "2024.09.30"]
[SourceVersion "1"]
[SourceVersionDate "2024.09.30"]
[SourceQuality "1"]

1. e4 d5 2. exd5 Qxd5 3. Nc3 Qd6 4. d4 Nf6 5. Nf3 c6 6. g3 Bf5 7. Bf4 Qb4 8. Qd2 e6 9. 0-0-0 Nbd7 10. Nh4 Bg4 11. f3 Bh5 12. g4 Bg6 13. Nxg6 hxg6 14. h4 Be7 15. Bg2 Nb6 16. a3 Qa5 17. Ne4 Qxd2+ 18. Nxd2 Nfd5 19. Bg3 Ne3 20. Rdg1 0-0-0 21. c3 Rh7 22. f4 Rdh8 23. Nf3 Nxg4 24. Ng5 Bxg5 25. fxg5 Ne3 26. Be4 Nf5 27. Bxf5 gxf5 28. Re1 Kd7 29. Re5 Nd5 30. Rf1 Ne7 31. Ra5 a6 32. c4 Ra8 33. Kd2 b6 34. Ra4 b5 35. Ra5 Ng6 36. cxb5 cxb5 37. a4 f4 38. Bxf4 Rxh4 39. Be5 Nxe5 40. dxe5 Rh2+ 41. Ke3 Ke7 42. axb5 Rxb2 43. bxa6 Ra7 44. Kd4 Rb6 45. Rfa1 Rc6 1/2-1/2

[Event "BCF-ch Seniors 65"]
[Site "Hull"]
[Date "2024.08.02"]
[Round "5"]
[White "Spanton, Timothy"]
[Black "Walkowiak, Adam"]
[Result "1-0"]
[WhiteElo "1928"]
[BlackElo "1722"]
[PlyCount "101"]
[EventDate "2024.07.29"]
[EventType "swiss"]
[EventRounds "7"]
[EventCountry "ENG"]
[SourceTitle "CBM 221 Extra"]
[Source "ChessBase"]
[SourceDate "2024.09.30"]
[SourceVersion "1"]
[SourceVersionDate "2024.09.30"]
[SourceQuality "1"]

1. e4 c5 2. Nf3 e6 3. c4 Nc6 4. d4 cxd4 5. Nxd4 g6 6. Nc3 a6 7. Be3 Bg7 8. Qd2 Nge7 9. Be2 0-0 10. 0-0 e5 11. Nb3 Qc7 12. c5 Na5 13. Nxa5 Qxa5 14. Rfd1 Qc7 15. Rac1 Nc6 16. Nd5 Qa5 17. b4 Qd8 18. a3 Nd4 19. Bc4 Kh8 20. Bg5 f6 21. Be3 Rb8 22. Bxd4 exd4 23. Qxd4 f5 24. e5 Qg5 25. f4 Qh4 26. g3 Qd8 27. Nb6 g5 28. Qd6 gxf4 29. Qxb8 fxg3 30. hxg3 Qg5 31. e6 f4 32. Rd3 Be5 33. Qa7 f3 34. Rc2 Qxg3+ 35. Kf1 Qh3+ 36. Ke1 Bg3+ 37. Kd2 Qh6+ 38. Kc3 Be5+ 39. Kb3 f2 40. Rd1 Qh3+ 41. Ka4 Qf3 42. Rf1 Qc6+ 43. Kb3 Bg3 44. Rc3 Be5 45. Re3 Rf3 46. Rxf3 Qxf3+ 47. Ka4 Qc6+ 48. Ka5 dxe6 49. Qa8 Bc7 50. Qxc8+ Kg7 51. Qxe6 1-0

[Event "ENG-ch Seniors 65"]
[Site "Kenilworth"]
[Date "2024.05.26"]
[Round "4"]
[White "Spanton, Timothy"]
[Black "Myall, Ivan J"]
[Result "1-0"]
[WhiteElo "1902"]
[BlackElo "1933"]
[PlyCount "113"]
[EventDate "2024.05.24"]
[EventType "swiss"]
[EventRounds "7"]
[EventCountry "ENG"]
[SourceTitle "CBM 220 Extra"]
[Source "ChessBase"]
[SourceDate "2024.07.31"]
[SourceVersion "1"]
[SourceVersionDate "2024.07.31"]
[SourceQuality "1"]

1. e4 g6 2. d4 Bg7 3. Nc3 c5 4. Nf3 cxd4 5. Nxd4 Nc6 6. Nxc6 bxc6 7. Bc4 Qa5 8. Bd2 Rb8 9. Qf3 e6 10. Nb5 Qxd2+ 11. Kxd2 cxb5 12. Bd3 Ne7 13. h4 h5 14. g4 Nc6 15. g5 b4 16. Rab1 Bb7 17. Qg3 0-0 18. f4 Rfd8 19. Rhf1 d5 20. e5 Na5 21. Rfd1 Bf8 22. Qf2 d4 23. Ke1 Bd5 24. Qe2 Rbc8 25. Kf2 Bc5 26. Kg3 Bb6 27. Ra1 Nc6 28. a3 bxa3 29. Rxa3 Nb4 30. Qd2 Nxd3 31. cxd3 Bc5 32. Ra5 Bb6 33. Raa1 Rb8 34. Rdc1 Rd7 35. b4 Rdb7 36. Qb2 Bd8 37. Qxd4 Bb6 38. Qb2 Be3 39. Rcb1 Rb5 40. Qc3 a5 41. d4 Rxb4 42. Rxb4 Rxb4 43. Qxe3 Rb3 44. Qxb3 Bxb3 45. Rxa5 Kg7 46. Kf3 Kf8 47. Ke3 Ke7 48. Ra7+ Kf8 49. Kd3 Bd5 50. Kc3 Ke8 51. Kb4 Kf8 52. Kc5 Kg7 53. Rd7 Bb3 54. Kd6 Bc4 55. Ke7 Bb3 56. Rd8 Bc4 57. Rf8 1-0

[Event "Bregenz Bodensee Seniors op"]
[Site "Bregenz"]
[Date "2024.05.07"]
[Round "3"]
[White "Spanton, Timothy"]
[Black "Hess, Christian"]
[Result "1/2-1/2"]
[WhiteElo "1902"]
[BlackElo "2157"]
[PlyCount "67"]
[EventDate "2024.05.05"]
[EventType "swiss"]
[EventRounds "7"]
[EventCountry "AUT"]
[SourceTitle "CBM 220 Extra"]
[Source "ChessBase"]
[SourceDate "2024.07.31"]
[SourceVersion "1"]
[SourceVersionDate "2024.07.31"]
[SourceQuality "1"]

1. e4 c5 2. Nf3 e6 3. c4 Nc6 4. d4 cxd4 5. Nxd4 Nf6 6. Nc3 Bb4 7. Nxc6 bxc6 8. Bd3 e5 9. 0-0 0-0 10. Be3 d6 11. Qa4 Qa5 12. Qxa5 Bxa5 13. f3 Rb8 14. Rab1 Be6 15. Bxa7 Ra8 16. Be3 Bxc3 17. bxc3 Rxa2 18. Rf2 Rxf2 19. Kxf2 Rc8 20. Bg5 d5 21. c5 dxe4 22. Bxe4 Nd5 23. Bxd5 Bxd5 24. Be7 h5 25. Bd6 f6 26. Rb8 Rxb8 27. Bxb8 h4 28. g3 h3 29. Ke3 g5 30. f4 exf4+ 31. gxf4 Kf7 32. fxg5 fxg5 33. Be5 Ke6 34. Bg3 1/2-1/2

[Event "Bad Woerishofen op-B"]
[Site "Bad Woerishofen"]
[Date "2024.03.12"]
[Round "5"]
[White "Litfin, Boris"]
[Black "Spanton, Timothy"]
[Result "0-1"]
[WhiteElo "1938"]
[BlackElo "1876"]
[PlyCount "69"]
[EventDate "2024.03.08"]
[EventType "swiss"]
[EventRounds "9"]
[EventCountry "GER"]
[SourceTitle "EXT 2025"]
[Source "ChessBase"]
[SourceDate "2024.10.14"]
[SourceVersion "1"]
[SourceVersionDate "2024.10.14"]
[SourceQuality "1"]

1. e4 e5 2. Nc3 Nf6 3. Bc4 Nxe4 4. Qh5 Nd6 5. Bb3 Be7 6. Nf3 Nc6 7. 0-0 g6 8. Qg4 Nf5 9. Nd5 d6 10. Nxe7 Qxe7 11. Qe4 Be6 12. Ba4 Bd7 13. d3 0-0-0 14. c3 Kb8 15. b4 d5 16. Qe1 e4 17. dxe4 dxe4 18. Bxc6 Bxc6 19. Nd4 Nxd4 20. cxd4 Bb5 21. Qc3 Bxf1 22. Kxf1 Qd6 23. Be3 Qxh2 24. Rc1 Qd6 25. g3 Rd7 26. d5 Rc8 27. Qd4 b6 28. Rd1 f5 29. a4 Rcd8 30. Qc4 Qe7 31. a5 Rd6 32. axb6 cxb6 33. Bc5 Qb7 34. Be3 Rxd5 35. Bf4+ 0-1

[Event "Bad Woerishofen op-B"]
[Site "Bad Woerishofen"]
[Date "2024.03.10"]
[Round "3"]
[White "Forster, Rudolf"]
[Black "Spanton, Timothy"]
[Result "0-1"]
[WhiteElo "1925"]
[BlackElo "1876"]
[PlyCount "34"]
[EventDate "2024.03.08"]
[EventType "swiss"]
[EventRounds "9"]
[EventCountry "GER"]
[SourceTitle "EXT 2025"]
[Source "ChessBase"]
[SourceDate "2024.10.14"]
[SourceVersion "1"]
[SourceVersionDate "2024.10.14"]
[SourceQuality "1"]

1. e4 e5 2. Nc3 Nf6 3. g3 d5 4. Bg2 dxe4 5. Nxe4 Nxe4 6. Bxe4 Bc5 7. Ne2 Nc6 8. c3 Qf6 9. 0-0 Bh3 10. Bg2 Bxg2 11. Kxg2 h5 12. d4 exd4 13. cxd4 0-0-0 14. h4 Nxd4 15. Nxd4 Rxd4 16. Qc2 Qc6+ 17. Kh2 Rxh4+ 0-1

[Event "Cambridge op 2nd"]
[Site "Cambridge"]
[Date "2024.02.22"]
[Round "6"]
[White "Spanton, Timothy"]
[Black "Bay Petersen, Ole"]
[Result "1-0"]
[WhiteElo "1766"]
[BlackElo "1672"]
[PlyCount "51"]
[EventDate "2024.02.19"]
[EventType "swiss"]
[EventRounds "9"]
[EventCountry "ENG"]
[SourceTitle "CBM 218 Extra"]
[Source "ChessBase"]
[SourceDate "2024.03.31"]
[SourceVersion "1"]
[SourceVersionDate "2024.03.31"]
[SourceQuality "1"]

1. e4 e6 2. d4 c5 3. d5 exd5 4. exd5 d6 5. Nf3 a6 6. a4 Nd7 7. Nc3 g6 8. Bf4 Ndf6 9. Be2 Bg7 10. Qd2 h6 11. 0-0 Ne7 12. Rfe1 g5 13. Be3 0-0 14. h3 Nf5 15. Bd3 Nxe3 16. Rxe3 Nd7 17. Rae1 Ne5 18. Nxe5 Bxe5 19. Rxe5 dxe5 20. Rxe5 Bd7 21. d6 b6 22. Nd5 Re8 23. Ne7+ Rxe7 24. dxe7 Qe8 25. Rxg5+ Kh8 26. Qc3+ 1-0

[Event "Cambridge op 2nd"]
[Site "Cambridge"]
[Date "2024.02.21"]
[Round "5"]
[White "Keohane, Benedict A"]
[Black "Spanton, Timothy"]
[Result "1-0"]
[WhiteElo "1926"]
[BlackElo "1766"]
[PlyCount "134"]
[EventDate "2024.02.19"]
[EventType "swiss"]
[EventRounds "9"]
[EventCountry "ENG"]
[SourceTitle "CBM 218 Extra"]
[Source "ChessBase"]
[SourceDate "2024.03.31"]
[SourceVersion "1"]
[SourceVersionDate "2024.03.31"]
[SourceQuality "1"]

1. e4 e5 2. f4 Bc5 3. Nf3 d5 4. Nxe5 dxe4 5. Qh5 Be6 6. Nxf7 Bf2+ 7. Kxf2 Bxf7 8. Qe5+ Ne7 9. Qxg7 Rg8 10. Qe5 Nbc6 11. Qc5 Nd5 12. g3 Nxf4 13. d3 Ne6 14. Qc3 Ncd4 15. dxe4 Qf6+ 16. Kg2 0-0-0 17. Bc4 Nf4+ 18. Bxf4 Qxf4 19. Bxf7 Qxe4+ 20. Kh3 Qf5+ 21. Kg2 Qxf7 22. Nd2 Qd5+ 23. Nf3 Rgf8 24. Rhf1 Nxf3 25. Rxf3 Qd2+ 26. Kg1 Rxf3 27. Qxf3 Qxc2 28. Qg4+ Kb8 29. Qg5 Qd3 30. Rf1 b6 31. Qf5 Qd4+ 32. Rf2 Rd7 33. Kg2 Kb7 34. b3 a5 35. Qf3+ Qd5 36. Qxd5+ Rxd5 37. h4 h5 38. Rc2 Rd3 39. Re2 Kc6 40. Re6+ Kd5 41. Rh6 Ke4 42. Rxh5 Rd2+ 43. Kh3 Rxa2 44. Rb5 Kf3 45. Rf5+ Ke4 46. Kg4 Rb2 47. Rb5 Rd2 48. h5 Rd6 49. Rg5 c5 50. Rg6 Rd4 51. Rxb6 Kd3+ 52. Kf5 a4 53. bxa4 c4 54. h6 c3 55. h7 Rd8 56. Rc6 c2 57. Kg6 Kd2 58. Kg7 Rd7+ 59. Kg8 Rd8+ 60. Kg7 Rd7+ 61. Kh6 Rd8 62. g4 c1Q 63. Rxc1 Kxc1 64. g5 Kd2 65. g6 Kc3 66. g7 Rd6+ 67. Kg5 Rd8 1-0

[Event "BCF-chT4S 2324 (4NCL)"]
[Site "England"]
[Date "2024.02.10"]
[Round "5.52"]
[White "Combie, Alexander"]
[Black "Spanton, Timothy"]
[Result "0-1"]
[WhiteElo "1787"]
[BlackElo "1908"]
[PlyCount "98"]
[EventDate "2024.02.11"]
[EventType "team-swiss"]
[EventRounds "11"]
[EventCountry "ENG"]
[SourceTitle "EXT 2025"]
[Source "ChessBase"]
[SourceDate "2024.10.14"]
[SourceVersion "1"]
[SourceVersionDate "2024.10.14"]
[SourceQuality "1"]
[WhiteTeam "Ashfield II"]
[BlackTeam "Wessex II"]
[WhiteTeamCountry "ENG"]
[BlackTeamCountry "ENG"]

1. d4 d5 2. c4 e5 3. dxe5 d4 4. Nf3 Nc6 5. g3 Nge7 6. Bg2 Ng6 7. Bg5 Qd7 8. e6 fxe6 9. 0-0 e5 10. e3 h6 11. Bh4 dxe3 12. Qxd7+ Bxd7 13. fxe3 Bc5 14. Re1 0-0 15. Nfd2 Nxh4 16. gxh4 Be7 17. h5 Bg4 18. Nc3 Bxh5 19. Bxc6 bxc6 20. Rf1 Bc5 21. Rxf8+ Rxf8 22. Re1 Rd8 23. Nde4 Bb4 24. Rf1 Rd3 25. Rf5 Bf7 26. Nf2 Rxe3 27. Ng4 Rh3 28. Nxe5 Be6 29. Rf1 Bxc3 30. bxc3 Rxc3 31. Nxc6 Bxc4 32. Ne7+ Kh7 33. Rf8 Bxa2 34. h4 a5 35. h5 Rc5 36. Ng6 Rxh5 37. Nf4 Rg5+ 38. Kh2 a4 39. Ra8 Bb3 40. Nd3 c5 41. Kh3 c4 42. Nb2 c3 43. Nd3 c2 44. Nc1 Rg1 45. Nxb3 axb3 46. Rb8 c1Q 47. Rxb3 Qf1+ 48. Kh4 g5+ 49. Kh5 Qf7# 0-1

[Event "BCF-chT4S 2324 (4NCL)"]
[Site "England"]
[Date "2024.01.06"]
[Round "3.64"]
[White "Graff, Ben"]
[Black "Spanton, Timothy"]
[Result "0-1"]
[WhiteElo "1775"]
[BlackElo "1888"]
[PlyCount "66"]
[EventDate "2024.02.11"]
[EventType "team-swiss"]
[EventRounds "11"]
[EventCountry "ENG"]
[SourceTitle "EXT 2025"]
[Source "ChessBase"]
[SourceDate "2024.10.14"]
[SourceVersion "1"]
[SourceVersionDate "2024.10.14"]
[SourceQuality "1"]
[WhiteTeam "Coventry"]
[BlackTeam "Wessex II"]
[WhiteTeamCountry "ENG"]
[BlackTeamCountry "ENG"]

1. e4 e6 2. d4 d5 3. exd5 exd5 4. Bd3 c5 5. c3 Nc6 6. Qe2+ Qe7 7. Qxe7+ Bxe7 8. Nf3 Nf6 9. 0-0 0-0 10. Bg5 c4 11. Bc2 h6 12. Bh4 Be6 13. Ne5 g5 14. Nxc6 bxc6 15. Bg3 Nh5 16. Nd2 Nxg3 17. hxg3 Rab8 18. b3 c5 19. Nf3 Bf6 20. Rad1 Rfd8 21. Ne5 Bxe5 22. dxe5 d4 23. cxd4 cxd4 24. bxc4 Bxc4 25. Bd3 Bxa2 26. Rd2 Bd5 27. Ra1 Rb7 28. Ra4 Bc6 29. Ra6 Bb5 30. Rxh6 Bxd3 31. Rxd3 Kg7 32. Ra6 Rb1+ 33. Kh2 Rh8+ 0-1

[Event "CZE-ch Seniors 65"]
[Site "Olomouc"]
[Date "2023.08.15"]
[Round "5"]
[White "Briza, Jiri"]
[Black "Spanton, Timothy"]
[Result "1/2-1/2"]
[WhiteElo "1830"]
[BlackElo "1858"]
[PlyCount "102"]
[EventDate "2023.08.12"]
[EventType "swiss"]
[EventRounds "9"]
[EventCountry "CZE"]
[SourceTitle "CBM 216 Extra"]
[Source "ChessBase"]
[SourceDate "2023.11.30"]
[SourceVersion "1"]
[SourceVersionDate "2023.11.30"]
[SourceQuality "1"]

1. e4 e5 2. Nf3 Nc6 3. Bb5 Nf6 4. 0-0 Nxe4 5. d4 Nd6 6. Bxc6 dxc6 7. dxe5 Nf5 8. Qxd8+ Kxd8 9. Ng5 Ke8 10. Nd2 Be7 11. Ndf3 h6 12. Ne4 Be6 13. b3 a5 14. a4 b6 15. Bb2 Rd8 16. Rfd1 Rd7 17. h3 h5 18. Neg5 Bxg5 19. Nxg5 h4 20. Rxd7 Kxd7 21. Rd1+ Ke7 22. Nxe6 Kxe6 23. Kf1 Ne7 24. c4 c5 25. f4 g6 26. Kf2 Nf5 27. Kf3 Rg8 28. Kf2 Ke7 29. e6 fxe6 30. Be5 Nd6 31. Rd3 g5 32. g4 hxg3+ 33. Kxg3 gxf4+ 34. Kxf4 Rf8+ 35. Ke3 Rf5 36. Bg3 Rh5 37. Ke2 e5 38. Bf2 Nf5 39. Kd2 e4 40. Rd5 Ke6 41. h4 c6 42. Rd8 Nxh4 43. Re8+ Kf5 44. Rf8+ Kg4 45. Ke3 Nf5+ 46. Kxe4 Nd6+ 47. Kd3 Rh3+ 48. Be3 Nf5 49. Rg8+ Kf3 50. Rf8 Kg4 51. Rg8+ Kf3 1/2-1/2

[Event "EU-chT Seniors 65"]
[Site "Swidnica"]
[Date "2023.07.13"]
[Round "2.7"]
[White "Wood, Peter R"]
[Black "Spanton, Timothy"]
[Result "1/2-1/2"]
[WhiteElo "1944"]
[BlackElo "1800"]
[PlyCount "58"]
[EventDate "2023.07.12"]
[EventType "team-swiss"]
[EventRounds "9"]
[EventCountry "POL"]
[SourceTitle "CBM 215 Extra"]
[Source "ChessBase"]
[SourceDate "2023.09.30"]
[SourceVersion "1"]
[SourceVersionDate "2023.09.30"]
[SourceQuality "1"]
[WhiteTeam "England 65 II"]
[BlackTeam "England 65 III"]
[WhiteTeamCountry "ENG"]
[BlackTeamCountry "ENG"]

1. d4 d5 2. Nf3 e6 3. c4 Nf6 4. Nc3 c5 5. e3 Nc6 6. a3 a6 7. dxc5 Bxc5 8. b4 Ba7 9. Be2 0-0 10. 0-0 dxc4 11. Qxd8 Rxd8 12. Bxc4 b5 13. Be2 e5 14. Rd1 Bf5 15. Bb2 e4 16. Ne1 Be6 17. Rxd8+ Rxd8 18. Rd1 Rxd1 19. Bxd1 Kf8 20. Bc2 Bf5 21. g4 Bxg4 22. Nxe4 Nxe4 23. Bxe4 Bd7 24. Nd3 f5 25. Bd5 g6 26. Ne5 Nxe5 27. Bxe5 Bc8 28. Kg2 Bb6 29. Kf3 Bd8 1/2-1/2

[Event "EU-chT Seniors 65"]
[Site "Swidnica"]
[Date "2023.07.12"]
[Round "1.7"]
[White "Sprotte, Norbert"]
[Black "Spanton, Timothy"]
[Result "1/2-1/2"]
[WhiteElo "2162"]
[BlackElo "1800"]
[PlyCount "117"]
[EventDate "2023.07.12"]
[EventType "team-swiss"]
[EventRounds "9"]
[EventCountry "POL"]
[SourceTitle "CBM 215 Extra"]
[Source "ChessBase"]
[SourceDate "2023.09.30"]
[SourceVersion "1"]
[SourceVersionDate "2023.09.30"]
[SourceQuality "1"]
[WhiteTeam "Kreuzberg 65   "]
[BlackTeam "England 65 III"]
[WhiteTeamCountry "GER"]
[BlackTeamCountry "ENG"]

1. Nf3 d5 2. c4 d4 3. e3 Nc6 4. exd4 Nxd4 5. Nxd4 Qxd4 6. Nc3 Be6 7. d3 Nf6 8. Nb5 Qb6 9. Be3 Qa5+ 10. Qd2 Qxd2+ 11. Bxd2 Kd7 12. Bf4 c6 13. Nc7 Rc8 14. Nxe6 Kxe6 15. g3 Kd7 16. Bh3+ e6 17. 0-0-0 Bd6 18. Be3 Ke7 19. Kb1 c5 20. Bg2 b6 21. h3 Rhd8 22. g4 Be5 23. f4 Bd4 24. Bc1 Rd6 25. Bf3 Rcd8 26. Rhe1 Kf8 27. f5 e5 28. g5 Ne8 29. Rf1 Nc7 30. Be4 b5 31. h4 Rb8 32. Rh1 Rdb6 33. Rh2 bxc4 34. dxc4 Rb4 35. Rc2 a5 36. h5 a4 37. h6 gxh6 38. g6 hxg6 39. fxg6 Bxb2 40. Rxb2 Rxb2+ 41. Bxb2 a3 42. Rd7 Rxb2+ 43. Kc1 fxg6 44. Rxc7 Rxa2 45. Kb1 Re2 46. Bxg6 e4 47. Rxc5 Kg7 48. Bh5 Rb2+ 49. Ka1 Kf6 50. Ra5 Rc2 51. c5 Ke5 52. Kb1 Rc3 53. Ra6 Rxc5 54. Rxh6 Kd4 55. Bd1 Kc3 56. Rh2 Rb5+ 57. Ka2 e3 58. Rc2+ Kd3 59. Be2+ 1/2-1/2